<?xml version="1.0" encoding="UTF-8"?>
<record
    xmlns:xsi="http://www.w3.org/2001/XMLSchema-instance"
    xsi:schemaLocation="http://www.loc.gov/MARC21/slim http://www.loc.gov/standards/marcxml/schema/MARC21slim.xsd"
    xmlns="http://www.loc.gov/MARC21/slim">

  <leader>02691cam a2200313 i 4500</leader>
  <controlfield tag="001">10468949</controlfield>
  <controlfield tag="003">CaAEU</controlfield>
  <controlfield tag="005">20250828104302.0</controlfield>
  <controlfield tag="008">230621t20232023fr            000 f fre d</controlfield>
  <datafield tag="020" ind1=" " ind2=" ">
    <subfield code="a">9782246834670</subfield>
    <subfield code="q">(paperback)</subfield>
  </datafield>
  <datafield tag="035" ind1=" " ind2=" ">
    <subfield code="a">on1395541770</subfield>
  </datafield>
  <datafield tag="040" ind1=" " ind2=" ">
    <subfield code="a">AUXAM</subfield>
    <subfield code="b">eng</subfield>
    <subfield code="e">rda</subfield>
    <subfield code="c">AUXAM</subfield>
    <subfield code="d">VA@</subfield>
    <subfield code="d">IND</subfield>
    <subfield code="d">OCLCO</subfield>
    <subfield code="d">PUL</subfield>
    <subfield code="d">EEM</subfield>
    <subfield code="d">OCLCO</subfield>
    <subfield code="d">AEU</subfield>
  </datafield>
  <datafield tag="041" ind1=" " ind2=" ">
    <subfield code="a">French</subfield>
  </datafield>
  <datafield tag="050" ind1=" " ind2="4">
    <subfield code="a">PQ2663.H2615</subfield>
    <subfield code="b">E67 2023</subfield>
  </datafield>
  <datafield tag="100" ind1=" " ind2=" ">
    <subfield code="a">Chalandon, Sorj,</subfield>
    <subfield code="e">author.</subfield>
    <subfield code="9">25831</subfield>
  </datafield>
  <datafield tag="245" ind1="1" ind2="2">
    <subfield code="a">L'enrag&#xE9; </subfield>
    <subfield code="b">: roman </subfield>
    <subfield code="c">/ Sorj Chalandon.</subfield>
  </datafield>
  <datafield tag="250" ind1=" " ind2=" ">
    <subfield code="a">First edition</subfield>
  </datafield>
  <datafield tag="264" ind1=" " ind2="1">
    <subfield code="a">Paris :</subfield>
    <subfield code="b">Bernard Grasset,</subfield>
    <subfield code="c">2023.</subfield>
  </datafield>
  <datafield tag="264" ind1=" " ind2="4">
    <subfield code="c">&#xA9;2023</subfield>
  </datafield>
  <datafield tag="300" ind1=" " ind2=" ">
    <subfield code="a">403 pages ;</subfield>
    <subfield code="c">21 cm</subfield>
  </datafield>
  <datafield tag="500" ind1=" " ind2=" ">
    <subfield code="a">Novel.</subfield>
  </datafield>
  <datafield tag="520" ind1=" " ind2=" ">
    <subfield code="a">Je n'ai pas le droit aux sentiments. Les sentiments c'est un oc&#xE9;an, tu t'y noies. Pour survivre ici, il faut &#xEA;tre en granit. Pas une plainte, pas une larme, pas un cri et aucun regret. M&#xEA;me lorsque tu as peur, m&#xEA;me lorsque tu as faim, m&#xEA;me lorsque tu as froid, m&#xEA;me au seuil de la nuit cellulaire, lorsque l'obscurit&#xE9; dessine le souvenir de ta m&#xE8;re dans un recoin. Rester droit, sec, nuque raide. N'avoir que des poings au bout de tes bras. Tant pis pour les coups, les punitions, les insultes. S'&#xE9;vader les yeux ouverts et marcher victorieux dans le sang des autres, mon tapis rouge. Toujours pr&#xE9;f&#xE9;rer le loup &#xE0; l'agneau." Dans la nuit du 27 ao&#xFB;t 1934, cinquante-six gamins se r&#xE9;voltent et s'&#xE9;chappent de la colonie p&#xE9;nitentiaire pour mineurs de Belle-&#xEE;le-en-Mer. La chasse aux enfants est ouverte. Tous sont captur&#xE9;s. Tous ? Non : aux premi&#xE8;res lueurs de l'aube, un &#xE9;vad&#xE9; manque &#xE0; l'appel. Voici son histoire ... --Page 4 of cover.</subfield>
  </datafield>
  <datafield tag="520" ind1=" " ind2=" ">
    <subfield code="a">"I am not allowed feelings. Feelings are an ocean&#x2014;you drown in them. To survive here, you must be granite. No complaint, no tear, no cry, and never any regret. Even when you are afraid, even when you are hungry, even when you are cold, even on the threshold of the cell&#x2019;s night, when the darkness sketches your mother&#x2019;s memory in a corner. Stand tall, dry, with a stiff neck. Let your arms end only in fists. Never mind the blows, the punishments, the insults. Escape with eyes wide open and walk triumphant on the blood of others&#x2014;my red carpet. Always choose the wolf over the lamb."

On the night of 27 August 1934, fifty-six boys rose up and escaped from the juvenile penal colony of Belle-&#xCE;le-en-Mer. The manhunt was launched. All were recaptured. All? No: at the first light of dawn, one escapee was missing. This is his story...</subfield>
  </datafield>
  <datafield tag="650" ind1=" " ind2="0">
    <subfield code="a">French fiction</subfield>
    <subfield code="v">Fiction</subfield>
    <subfield code="z">France</subfield>
  </datafield>
  <datafield tag="650" ind1=" " ind2="0">
    <subfield code="a">Juvenile delinquents</subfield>
    <subfield code="9">25834</subfield>
  </datafield>
  <datafield tag="650" ind1=" " ind2="0">
    <subfield code="a">Prisoners</subfield>
    <subfield code="v">Fiction</subfield>
    <subfield code="z">France</subfield>
  </datafield>
  <datafield tag="651" ind1=" " ind2="0">
    <subfield code="a">Belle-&#xCE;le-en-Mer</subfield>
    <subfield code="v">Fiction</subfield>
    <subfield code="z">France</subfield>
  </datafield>
  <datafield tag="942" ind1=" " ind2=" ">
    <subfield code="2">lcc</subfield>
  </datafield>
  <datafield tag="952" ind1=" " ind2=" ">
    <subfield code="0">0</subfield>
    <subfield code="1">0</subfield>
    <subfield code="2">lcc</subfield>
    <subfield code="4">0</subfield>
    <subfield code="7">0</subfield>
    <subfield code="a">TBS</subfield>
    <subfield code="b">TBS</subfield>
    <subfield code="d">2025-08-28</subfield>
    <subfield code="l">0</subfield>
    <subfield code="o">P-FR CHA</subfield>
    <subfield code="p">B07708</subfield>
    <subfield code="r">2025-08-28</subfield>
    <subfield code="t">1</subfield>
    <subfield code="w">2025-08-28</subfield>
    <subfield code="y">1</subfield>
  </datafield>
  <datafield tag="999" ind1=" " ind2=" ">
    <subfield code="c">4898</subfield>
    <subfield code="d">4898</subfield>
  </datafield>
</record>
